Appropriate biotechnology in small-scale agriculture : (Record no. 15434)

000 -LEADER
fixed length control field 00532nam a2200169Ia 4500
020 ## - INTERNATIONAL STANDARD BOOK NUMBER
ISBN 0851987702 (pbk)
040 ## - CATALOGING SOURCE
Transcribing agency UKM
082 ## - DEWEY DECIMAL CLASSIFICATION NUMBER
Classification number 630 CAB 1991 A054 Or.
245 00 - TITLE STATEMENT
Title Appropriate biotechnology in small-scale agriculture :
Remainder of title how to reorient research and development /
260 ## - PUBLICATION, DISTRIBUTION, ETC. (IMPRINT)
Place of publication Wallingford, Oxon, UK :
Name of publisher CAB International,
Year of publication c1991
300 ## - PHYSICAL DESCRIPTION
Number of Pages xi, 153 p. ;
Dimensions 24 cm
650 #0 - SUBJECT ADDED ENTRY--TOPICAL TERM
Topical Term Agricultural biotechnology
650 #0 - SUBJECT ADDED ENTRY--TOPICAL TERM
Topical Term Farms, Small
700 10 - ADDED ENTRY--PERSONAL NAME
Personal name Bunders, Joske F. G
700 10 - ADDED ENTRY--PERSONAL NAME
Personal name Broerse, Jacqueline E. W
942 ## - ADDED ENTRY ELEMENTS (KOHA)
Koha item type សៀវភៅភាសាអង់គ្លេស
952 ## - LOCATION AND ITEM INFORMATION (KOHA)
Withdrawn status [LOCAL, KOHA] 0
Holdings
Permanent Location Date acquired Koha item type Lost status Shelving location Barcode Current Location Full call number
Library Block A2017-11-21សៀវភៅភាសាអង់គ្លេស A054A06104Library Block A630 CAB 1991 A054 Or.
មជ្ឈមណ្ឌលឯការនៃសាកលវិទ្យាល័យភូមិន្ទកសិកម្មចំការដូង

Powered by Koha